000
00237nam a2200085Ia 4500
008
120527s9999 xx 000 0 und d
100
_a
BABALEYE, Taye
245
_a
A guide to public relation aspractice in Agricultural research
942
_c
BK
999
_c
25224
_d
25224